000 01311nam0a22002771 4500
001 rc\566709
005 20030616170657.2
035 _a(NLR Aleph) 005801360
090 _a5300178
_c5300178
100 _a20030616d1988 u |0rusy50 ca
101 0 _arus
102 _aRU
105 _aa |||||||||
200 1 _aНАУЧНО-ТЕХНИЧЕСКИЙ прогресс и эффективность автоматизации управления строительством
_e[Метод. рекомендации]
_fРДЭНТП
_g[Подгот. к. т. н. Л.Ф. Диденко]
210 _aКиев
_cО-во "Знание" УССР
_cРДЭНТП
_d1988
215 _a[1], 15 с.
_cграф.
_d20
225 1 _aВ помощь лектору и специалисту
225 1 _aДостижения научно-технического прогресса и передовой производственный опыт в отраслях народного хозяйства
320 _aБиблиогр.: с. 15
702 1 _aДиденко
_bЛ. Ф.
_gЛеонид Федорович
_4570
712 0 2 _a"Знание", общество УССР
_cКиев
_3RU\NLR\AUTH\889960976
801 0 _aRU
_bNLR
_gpsbo
801 1 _aRU
_bELAR
_2rusmarc
852 _aNLR
_j88-4/25199
942 _cBOOK
980 _aNB